[Event "Pelotas Gaucho op"]
[Site "Pelotas"]
[Date "2023.10.15"]
[Round "7"]
[White "Schulte, Inacio Mascarenhas"]
[Black "Schulte, Joao Francisco Fons"]
[Result "0-1"]
[WhiteElo "1800"]
[BlackElo "1788"]
[PlyCount "60"]
[EventDate "2023.10.12"]
[EventType "swiss"]
[EventRounds "7"]
[EventCountry "BRA"]
[SourceTitle "CBM 216 Extra"]
[Source "ChessBase"]
[SourceDate "2023.11.30"]
[SourceVersion "1"]
[SourceVersionDate "2023.11.30"]
[SourceQuality "1"]

1. c4 c5 2. Nc3 Nc6 3. g3 b6 4. Bg2 Bb7 5. Nf3 Qc7 6. 0-0 Nf6 7. d3 g6 8. Bf4 d6 9. Bh3 Bg7 10. Bg2 0-0 11. Nd5 Nxd5 12. cxd5 Nd4 13. Nxd4 Bxd4 14. Rb1 Rab8 15. Qd2 Bg7 16. Bh6 e6 17. e4 exd5 18. exd5 Rfe8 19. Rfe1 Qd7 20. Bxg7 Kxg7 21. Qc3+ Kg8 22. Rxe8+ Rxe8 23. Re1 Rxe1+ 24. Qxe1 Kf8 25. Qf1 Qf5 26. Be4 Qe5 27. f4 Qxb2 28. Qf2 Qxf2+ 29. Kxf2 b5 30. Ke2 a5 0-1

[Event "Pelotas Gaucho op"]
[Site "Pelotas"]
[Date "2023.10.15"]
[Round "6"]
[White "Schulte, Joao Francisco Fons"]
[Black "Brandt, Ladir Albano Becker"]
[Result "0-1"]
[WhiteElo "1788"]
[BlackElo "1648"]
[PlyCount "54"]
[EventDate "2023.10.12"]
[EventType "swiss"]
[EventRounds "7"]
[EventCountry "BRA"]
[SourceTitle "CBM 216 Extra"]
[Source "ChessBase"]
[SourceDate "2023.11.30"]
[SourceVersion "1"]
[SourceVersionDate "2023.11.30"]
[SourceQuality "1"]

1. d4 d5 2. Nf3 Nf6 3. Bf4 Bf5 4. e3 e6 5. Be2 Bd6 6. Bg3 Ne4 7. Nbd2 Bxg3 8. hxg3 Nd7 9. Nxe4 Bxe4 10. Bd3 c5 11. Bxe4 dxe4 12. Nd2 cxd4 13. Qg4 dxe3 14. fxe3 0-0 15. 0-0-0 f5 16. Qe2 Qa5 17. Qc4 Qd5 18. Qe2 Nf6 19. Nb3 Qe5 20. Rh3 Rad8 21. Nd4 Rfe8 22. Rdh1 h6 23. Rd1 Ng4 24. Rhh1 Qa5 25. a3 Qa6 26. Qd2 e5 27. Rxh6 Nxh6 0-1

[Event "Pelotas Gaucho op"]
[Site "Pelotas"]
[Date "2023.10.12"]
[Round "1"]
[White "Dinegri, Rodrigo"]
[Black "Schulte, Joao Francisco Fons"]
[Result "1-0"]
[WhiteElo "1705"]
[BlackElo "1788"]
[PlyCount "63"]
[EventDate "2023.10.12"]
[EventType "swiss"]
[EventRounds "7"]
[EventCountry "BRA"]
[SourceTitle "CBM 216 Extra"]
[Source "ChessBase"]
[SourceDate "2023.11.30"]
[SourceVersion "1"]
[SourceVersionDate "2023.11.30"]
[SourceQuality "1"]

1. Nf3 Nf6 2. d4 g6 3. c4 Bg7 4. Nc3 d5 5. g3 0-0 6. Bg2 c5 7. 0-0 Nc6 8. Be3 dxc4 9. d5 Nb4 10. Ne5 Nfxd5 11. Bxc5 Bxe5 12. Nxd5 Nxd5 13. Bxd5 Qc7 14. Bd4 Bh3 15. Bg2 Bxg2 16. Kxg2 Rad8 17. e3 f5 18. Qd2 g5 19. Qc3 Bxd4 20. exd4 g4 21. Rfe1 Rd5 22. Re6 f4 23. Rae1 Rdf5 24. Rxe7 Qc6+ 25. Kg1 fxg3 26. fxg3 Rf2 27. d5 Qh6 28. h4 gxh3 29. Qxc4 h2+ 30. Kh1 Rf1+ 31. Rxf1 Rxf1+ 32. Qxf1 1-0